Face in the crowd
Το Face in the crowd είναι ένα προκλητικό δράμα για την αποπλάνηση των ανθρώπων από τα μέσα μαζικής ενημέρωσης.
Αποθηκεύτηκε σε:
| Άλλοι συγγραφείς: | , , |
|---|---|
| Μορφή: | |
| Γλώσσα: | English Greek |
| Δημοσίευση: |
Αθήνα :
Art Free,
2005.
|
| Σειρά: | Elia Kazan's collection
|
| Θέματα: | |
| Ετικέτες: |
Προσθήκη ετικέτας
Δεν υπάρχουν, Καταχωρήστε ετικέτα πρώτοι!
|
MARC
| LEADER | 00000cgm a2200000 i 4500 | ||
|---|---|---|---|
| 001 | 1/96205 | ||
| 008 | 081030s2005 gr ||| | || ||eng|| | ||
| 035 | |l 10101242 | ||
| 040 | |a GR-MyUa |b gre |e AACR2 | ||
| 041 | 0 | |a eng |j gre | |
| 082 | 7 | |a 791.437 |2 (22) | |
| 245 | 0 | 0 | |a Face in the crowd |h [μαγνητοσκόπηση] / |c σκηνοθεσία: Elia Kazan. |
| 260 | |a Αθήνα : |b Art Free, |c 2005. | ||
| 300 | |a 1 βιντεοδίσκος (125 λεπτ.) : |b ομίλ., ασπρόμ. ; |c 4 3/4 ίν. | ||
| 490 | 1 | |a (Elia Kazan's collection) | |
| 500 | |a Κυκλοφόρησε πρωτη φορά ως κινηματογραφική ταινία το 1957. | ||
| 508 | |a Σκηνοθεσία, Elia Kazan. | ||
| 511 | 0 | |a Patricia Neal, Andy Griffith, Walter Matthau, Tony Franciosa, Lee Rimick. | |
| 520 | 8 | |a Το Face in the crowd είναι ένα προκλητικό δράμα για την αποπλάνηση των ανθρώπων από τα μέσα μαζικής ενημέρωσης. | |
| 546 | |a Στα αγγλικά με υπότιτλους στα ελληνικά. | ||
| 650 | 0 | |a Television personalities |v Drama. | |
| 655 | 7 | |a Feature films |2 lcgft | |
| 700 | 1 | |a Kazan, Elia, |e drt | |
| 700 | 1 | |a Neal, Patricia, |d 1926-2010, |e act | |
| 700 | 1 | |a Griffith, Andy, |d 1926-2012, |e act | |
| 830 | 0 | |a Elia Kazan's collection | |
| 852 | |a INST |b SYROS |c AV |e 20081030 |h 791.437 KAZ |p 005500008968 |q 005500008968 |t DVD |y 23 | ||
| 901 | |a BIBL5-2008-1 | ||
| 922 | |a 5ΕΛΗ |b 200709 |c Βιβλιοθήκη Σύρου |d Anaco | ||
| 970 | |a Κοντού |b Παρασκευή |z 30/10/2008 | ||